LEADER 02271nam 2200565 450 001 9910461545603321 005 20200520144314.0 010 $a1-60795-211-4 035 $a(CKB)2670000000135184 035 $a(EBL)3386937 035 $a(SSID)ssj0000687955 035 $a(PQKBManifestationID)12271461 035 $a(PQKBTitleCode)TC0000687955 035 $a(PQKBWorkID)10755459 035 $a(PQKB)11623113 035 $a(MiAaPQ)EBC3386937 035 $a(Au-PeEL)EBL3386937 035 $a(CaPaEBR)ebr10949530 035 $a(OCoLC)923336734 035 $a(EXLCZ)992670000000135184 100 $a20141016h20112011 uy 0 101 0 $aeng 135 $aur|n|---||||| 181 $ctxt 182 $cc 183 $acr 200 10$aClinical outline of oral pathology $ediagnosis and treatment /$fLewis R. Eversole ; editor, Jason Malley 205 $aFourth edition. 210 1$aShelton, Connecticut :$cPeople's Medical Publishing House,$d2011. 210 4$dİ2011 215 $a1 online resource (755 p.) 300 $aDescription based upon print version of record. 311 $a1-60795-015-4 320 $aIncludes bibliographical references at the end of each chapters and index. 327 $a""Clinical Outline of Oral Pathology: Diagnosis and Treatment 4e ""; ""1: The Diagnostic Process ""; ""2: White Lesions ""; ""3: Reg & Pigmented Lesions ""; ""4: Oral Ulcerations and Fistulae ""; ""5: Vesiculobullous and Desquamative Lesions ""; ""6: Intraoral Soft Tissue Swellings ""; ""7: Papillary, Papular, and Multiple Polypoid Lesions ""; ""8: Soft Tissue Swellings of the Face and Neck ""; ""9: Radiolucent Lesions of the Jaws ""; ""10: Radiopaque Lesions of the Jaws ""; ""11: Dental Defects ""; ""12: Facial Pain and Neuromuscular Disorders ""; ""Appendices ""; ""Index "" 606 $aMouth$xDiseases 606 $aTeeth$xDiseases 608 $aElectronic books. 615 0$aMouth$xDiseases. 615 0$aTeeth$xDiseases. 676 $a617.522 700 $aEversole$b Lewis R.$0937125 702 $aMalley$b Jason 801 0$bMiAaPQ 801 1$bMiAaPQ 801 2$bMiAaPQ 906 $aBOOK 912 $a9910461545603321 996 $aClinical outline of oral pathology$92110717 997 $aUNINA LEADER 01895nam 2200397 450 001 9910478941403321 005 20210506202054.0 010 $a1-4963-6277-2 035 $a(CKB)3710000001629609 035 $a(MiAaPQ)EBC5568217 035 $a(Au-PeEL)EBL5568217 035 $a(OCoLC)1052113734 035 $a(EXLCZ)993710000001629609 100 $a20181123d2018 uy 0 101 0 $aeng 135 $aurcnu|||||||| 181 $ctxt$2rdacontent 182 $cc$2rdamedia 183 $acr$2rdacarrier 200 10$aDiagnosis and management of neck and back pain in primary care /$fR. Douglas Collins 210 1$aPhiladelphia :$cWolters Kluwer,$d[2018] 210 4$dİ2018 215 $a1 online resource (x, 161 pages) 311 $a1-4963-6274-8 320 $aIncludes bibliographical references and index. 327 $aTaking a history of the patient with neck pain -- Examination of the patient with neck pain -- Diagnosis of the patient with neck pain -- Conservative management with the patient with neck pain -- Illustrated cases of neck pain -- Taking a history of the patient with thoracic pain -- Examination of the patient with thoracic pain -- Diagnosis of the patient with thoracic pain -- Conservative management of the patient with thoracic pain -- Illustrated cases of thoracic pain -- Taking a history of the patient with low back pain -- Examination of the patient with low back pain -- Diagnosis of the patient with low back pain -- Conservative management of the patient with low back pain -- Illustrated cases of low back pain. 608 $aElectronic books. 676 $a617.5/64 700 $aCollins$b R. Douglas$0291554 801 0$bMiAaPQ 801 1$bMiAaPQ 801 2$bMiAaPQ 906 $aBOOK 912 $a9910478941403321 996 $aDiagnosis and management of neck and back pain in primary care$92493058 997 $aUNINA